• 首页
  • 本馆介绍
  • 公告通知
  • 最新文献
  • 馆藏检索
  • 电子资源
  • 读者导购
  • 参考咨询
  • 我的图书馆
  • 登录
  • 详细信息显示
  • 放入我的书架
  • 预约/预借图书
  • 作者相关作品
  • 分类相关作品
  • 丛书相关作品
  • 出版社相关作品

书目信息

  • 表格格式
  • 工作单格式
  • 卡片格式
题名:
六大观念
    
 
作者: 阿德勒 著 ;陈珠泉 , 杨建国 译
分册:  
出版信息: 北京   团结出版社  1989.4
页数: 255页
开本: 19cm
丛书名:
单 册:
中图分类: B712.59
科图分类:
主题词: 哲学--美国--现代
电子资源:
ISBN: 7-80061-033-0
000 00789nam0 2200241 45
001 0189013138
005 20050322150054.9
010    @a7-80061-033-0@dCNY3.30
020    @aCN@b89013138
100    @a19910304d1989 m y0chiy0120 ea
101 1  @achi@ceng
102    @aCN@b110000
105    @ay z 000yy
200 10 @a六大观念@Aliu da guan nian@e真善美、自由、平等、正义@Ezhen shan mei 、 zi you 、 ping deng 、 zheng yi@f(美)摩狄曼·J·阿德勒著@F(Mei)Mo DiMan·J·A De Le Zhu@g陈珠泉,杨建国译
210    @a北京@c团结出版社@d1989.4
215    @a255页@d19cm
606 0  @a哲学@x美国@x现代
690    @aB712.59@v3
701  0 @a阿德勒@4著
702  0 @a陈珠泉@Achen zhu quan@4译
702  0 @a杨建国@Ayang jian guo@4译
801  0 @aCN@bNLC@c19910304
905    @f1@b221736@dB712.59@e13
    
    六大观念:真善美、自由、平等、正义/(美)摩狄曼·J·阿德勒著/陈珠泉,杨建国译.-北京:团结出版社,1989.4
    255页;19cm
    
    
    ISBN 7-80061-033-0:CNY3.30
    
●
相关链接 在E读中查询图书 在五车中查询图书 在当当中查询图书 在豆瓣中查询图书


正题名:六大观念     索取号:B712.59/13         预约/预借

序号 登录号 条形码 馆藏地/架位号 状态 备注
1 0221736   002017935   第一借阅区/ [索取号:B712.59/13] 在馆    
2 0221737   002041329   第一样本阅览室/ [索取号:B712.59/13] 在馆    
唐山师范学院图书馆 欢迎您!
大连网信软件有限公司© 版权所有